000 00764nam a2200253Ia 4500
003 OSt
005 20220918165313.0
006 a|||||r|||| 00| 0
007 ta
008 220917b |||||||| |||| 00| 0 eng d
020 _a1878289527 (hbk)
024 _a157,552
037 _cTextual
040 _aARTS
_cARTS
_beng
041 _2eng
_aeng
082 _aD65,8(B):(V,8), N9 (2D)
100 _aGarson David G
_923655
245 0 _aInformation technology and computer applications in public administration
_b issues and trends
260 _aUSA
_bIdea Group Publishing
_c1999
300 _aviii, 304p.
_ccm.
650 _aENGINEERING
_92968
942 _hD65,8(B):(V,8), N9 (2D)
_cTEXL
_2CC
999 _c129186
_d129186